Statistics for NBA Dynamic Duos 2019-2020

Click here to take the quiz!

General Stats

  • This quiz has been taken 413 times
  • The average score is 45 of 60

Answer Stats

TeamPositionPlayer% Correct
Atlanta HawksPGTrae Young
98%
Brooklyn NetsPGKyrie Irving
92%
Boston CelticsSFJayson Tatum
90%
Brooklyn NetsSFKevin Durant
89%
Boston CelticsPGKemba Walker
87%
Atlanta HawksPFJohn Collins
86%
Los Angeles LakersPF/CAnthony Davis
85%
Houston RocketsSGJames Harden
85%
Los Angeles LakersSFLeBron James
85%
Houston RocketsPGRussell Westbrook
85%
Golden State WarriorsPGStephen Curry
84%
Golden State WarriorsSGKlay Thompson
83%
Dallas MavericksPG/SG/SFLuka Doncic
83%
Los Angeles ClippersSG/SFPaul George
83%
Chicago BullsSGZach Lavine
83%
Los Angeles ClippersSF/PFKawhi Leonard
82%
Denver NuggetsCNikola Jokic
82%
Milwaukee BucksSF/PFGiannis Antetokounmpo
81%
Memphis GrizzliesPGJa Morant
80%
Miami HeatSG/SFJimmy Butler
80%
Dallas MavericksPF/CKristaps Porzingis
80%
Denver NuggetsPGJamal Murray
79%
Cleveland CavaliersPFKevin Love
79%
Milwaukee BucksSG/SFKhris Middleton
79%
Portland Trail BlazersPGDamian Lillard
78%
Philadelphia 76ersCJoel Embiid
78%
Philadelphia 76ersPGBen Simmons
77%
Phoenix SunsSGDevin Booker
77%
Minnesota TimberwolvesCKarl-Anthony Towns
77%
Detroit PistonsPFBlake Griffin
75%
Oklahoma City ThunderCSteven Adams
75%
New Orleans PelicansPFZion Williamson
75%
Detroit PistonsCAndre Drummond
74%
Miami HeatPF/CBam Adebayo
74%
Oklahoma City ThunderPGChris Paul
74%
Charlotte HornetsPGTerry Rozier
74%
Portland Trail BlazersSGCJ McCollum
72%
Indiana PacersSGVictor Oladipo
72%
Sacramento KingsPGDe'Aaron Fox
71%
Phoenix SunsCDeandre Ayton
71%
Utah JazzSGDonovan Mitchell
70%
Toronto RaptorsPGKyle Lowry
70%
Utah JazzCRudy Gobert
70%
Minnesota TimberwolvesSFAndrew Wiggins
68%
Washington WizardsSGBradley Beal
68%
San Antonio SpursSG/SFDeMar DeRozan
68%
Washington WizardsPGJohn Wall
68%
Chicago BullsPFLauri Markkanen
68%
Indiana PacersCMyles Turner
68%
Orlando MagicCNikola Vucevic
68%
Toronto RaptorsPFPascal Siakam
68%
Memphis GrizzliesPF/CJaren Jackson Jr.
67%
San Antonio SpursPF/CLaMarcus Aldridge
67%
Cleveland CavaliersCTristan Thompson
67%
Sacramento KingsSGBuddy Hield
66%
New Orleans PelicansPG/SGJrue Holiday
65%
New York KnicksSF/PFJulius Randle
65%
Orlando MagicPFAaron Gordon
64%
New York KnicksSGRJ Barrett
63%
Charlotte HornetsSGMalik Monk
36%

Score Distribution

Percentile by Number Answered

Percent of People with Each Score

Your Score History

You have not taken this quiz